Normal view MARC view

Entry Personal Name

Number of records used in: 2

001 - CONTROL NUMBER

  • control field: 89030

003 - CONTROL NUMBER IDENTIFIER

  • control field: dpl

005 - DATE AND TIME OF LATEST TRANSACTION

  • control field: 20260508130730.0

008 - FIXED-LENGTH DATA ELEMENTS

  • fixed length control field: 260508|| aca||aabn | a|a d

040 ## - CATALOGING SOURCE

  • Original cataloging agency: dpl
  • Transcribing agency: dpl

100 ## - HEADING--PERSONAL NAME

  • Personal name: जेठी, सतीशबाला महेन्द्रलाल

670 ## - SOURCE DATA FOUND

  • Source citation: Work cat.: (dpl)216101: अखण्डानन्द सरस्वती, भागवत-दर्शन :, 2015

© Delhi Public Library
Hit Counter
free hit counter